Φοιτητικό κίνημα και ταξική πάλη στην Ελλάδα : από τις προσφυγές στα πρωτοδικεία στην εξέγερση του Πολυτεχνείου
Αποθηκεύτηκε σε:
| Κύριος συγγραφέας: | |
|---|---|
| Μορφή: | Βιβλίο |
| Γλώσσα: | Greek |
| Δημοσίευση: |
Αθήνα :
Εργασία,
[x.x].
|
| Θέματα: | |
| Ετικέτες: |
Προσθήκη ετικέτας
Δεν υπάρχουν, Καταχωρήστε ετικέτα πρώτοι!
|
MARC
| LEADER | 00000cam a2200000 i 4500 | ||
|---|---|---|---|
| 001 | 1/14414 | ||
| 008 | 980512s0000 gr | ||| |||| ||gre|| | ||
| 035 | |l 10019411 | ||
| 040 | |a GR-MY-UA |b gre |e aacr | ||
| 041 | 0 | |a gre | |
| 082 | 7 | |a 371.8109495 |2 (220 | |
| 100 | 1 | |a Λυγερός, Σταύρος, |d 1953- | |
| 245 | 1 | 0 | |a Φοιτητικό κίνημα και ταξική πάλη στην Ελλάδα : |b από τις προσφυγές στα πρωτοδικεία στην εξέγερση του Πολυτεχνείου / |c Σταύρου Λυγερού. |
| 260 | |a Αθήνα : |b Εργασία, |c [x.x]. | ||
| 300 | |a 194 σ. ; |c 24 εκ. | ||
| 650 | 0 | 0 | |a Student movements |z Greece. |
| 650 | 0 | 0 | |a Students |z Greece |x Political activity. |
| 852 | |a INST |b LESVOS |e 19980512 |h 371.8109495 ΛΥΓ |p 005100013674 |q 005100013674 |t BK |y 0 |z τ.2. | ||
| 852 | |a INST |b LESVOS |e 19980512 |h 371.8109495 ΛΥΓ |p 005100013674 |q 005100013674 |t BK |v τ.2.: |y 0 |z τ.2. | ||
| 853 | |a INST |b LESVOS |h 371.8109495 ΛΥΓ | ||
| 901 | |a BIBL1-1998-2 | ||
| 909 | |a Λ |b 055753 | ||
| 922 | |a 1ΕΛΗ |b 199804 |c ΚΠΣ/ΤΚΑ |d EMVASIS | ||
| 950 | |a 117-1998-01-28 | ||
| 970 | |z 1998/05 | ||